00788nam a2200265 450000100070000000500170000700600040002400700040002800800040003201000170003602000150005303500190006805000230008708200130011010000210012324501300014425000120027426000490028630000580033550400390039365000230043265000240045570000220047970000210050167363820141014145959.0000000000 a 77011348  a0030319617 a(OCoLC)43414690 aQD272.S6bP38 2001 a543/.0851 aPavia, Donald L.10aIntroduction to spectroscopy :ba guide for students of organic chemistry /cDonald L. Pavia, Gary M. Lampman, George S. Kriz a3rd ed. aAustralia :bThomson Learning, Inc.,cc2001. axiv, 579p. (ANS-15p. ; A-47p. ;I-8p.]bill. ;c27 cm. aIncludes bibliographies and index. 0aSpectrum analysis. 0aChemistry, Organic.1 aLampman, Gary M.,1 aKriz, George S.,